[Event "NED-ch U14"]
[Site "Almelo"]
[Date "2023.05.04"]
[Round "6"]
[White "Madularea, David"]
[Black "Wink, Luka"]
[Result "1/2-1/2"]
[WhiteElo "1895"]
[BlackElo "1849"]
[PlyCount "69"]
[EventDate "2023.04.30"]
[EventType "swiss"]
[EventRounds "9"]
[EventCountry "NED"]
[SourceTitle "CBM 214 Extra"]
[Source "ChessBase"]
[SourceDate "2023.07.31"]
[SourceVersion "1"]
[SourceVersionDate "2023.07.31"]
[SourceQuality "1"]

1. e4 c5 2. Nf3 d6 3. d4 cxd4 4. Nxd4 Nf6 5. Nc3 g6 6. Be3 Bg7 7. f3 0-0 8. Qd2 Nc6 9. 0-0-0 d5 10. exd5 Nxd5 11. Nxc6 bxc6 12. Bd4 e5 13. Bc5 Re8 14. Ne4 Qc7 15. h4 f5 16. Nd6 Rd8 17. Nxc8 Raxc8 18. h5 Nb6 19. Bxb6 Rxd2 20. Bc4+ Kf8 21. Bxc7 Rxd1+ 22. Rxd1 Rxc7 23. hxg6 Bh6+ 24. Kb1 hxg6 25. Rd6 Kg7 26. b4 c5 27. b5 Re7 28. a4 e4 29. a5 Bf4 30. Ra6 e3 31. Be2 Kh6 32. b6 Bb8 33. bxa7 Bxa7 34. Rc6 Kg7 35. Kb2 1/2-1/2

[Event "NED-ch U14"]
[Site "Almelo"]
[Date "2023.05.02"]
[Round "3"]
[White "Wink, Luka"]
[Black "Kurt, Sascha"]
[Result "1/2-1/2"]
[WhiteElo "1849"]
[BlackElo "1894"]
[PlyCount "72"]
[EventDate "2023.04.30"]
[EventType "swiss"]
[EventRounds "9"]
[EventCountry "NED"]
[SourceTitle "CBM 214 Extra"]
[Source "ChessBase"]
[SourceDate "2023.07.31"]
[SourceVersion "1"]
[SourceVersionDate "2023.07.31"]
[SourceQuality "1"]

1. e4 c5 2. Nf3 e6 3. d4 cxd4 4. Nxd4 Nf6 5. Nc3 d6 6. g4 h6 7. h4 Nc6 8. g5 hxg5 9. Bxg5 Be7 10. Nxc6 bxc6 11. Qf3 e5 12. Rg1 Be6 13. 0-0-0 Nh5 14. Qd3 Qc7 15. Be2 g6 16. Qa6 Qb6 17. Qa3 Rd8 18. b4 Nf4 19. Ba6 Nh3 20. Be3 Qc7 21. Rh1 Nf4 22. Qa4 Kf8 23. b5 cxb5 24. Nxb5 Qc4 25. Qxc4 Bxc4 26. a4 Rxh4 27. Rxh4 Bxh4 28. Bb7 Bxb5 29. axb5 Ng2 30. Kd2 Nxe3 31. Kxe3 Bg5+ 32. Ke2 Be7 33. Ra1 Rd7 34. Rxa7 Bd8 35. Ra8 Rxb7 36. Rxd8+ Ke7 1/2-1/2